|
|
|
|
| LEADER |
00000nam a22000007a 4500 |
| 005 |
20220920011459.0 |
| 007 |
cr|||| |||| |
| 008 |
220920s2022 es |||||s|||| 00||0 spa d |
| 020 |
|
|
|a 978-84-1122-331-7
|
| 035 |
|
|
|a 37093
|
| 040 |
|
|
|a vLex
|
| 090 |
|
|
|c 13965
|d 13965
|
| 100 |
1 |
|
|a Nieva Garca̕, Joaqun̕ Alberto
|
| 245 |
1 |
0 |
|a Marco jurd̕ico de la mezquita-catedral de Cr̤doba
|h [Recurso electrn̤ico] :
|b Titularidad, gestin̤ y uso cultual y cultural /
|c Joaqun̕ Alberto Nieva Garca̕
|
| 256 |
|
|
|a Servicio en ln̕ea
|
| 260 |
|
|
|a Madrid:
|b Dykinson,
|c 2022
|
| 300 |
|
|
|a 1 recurso electrn̤ico
|
| 500 |
|
|
|a Este libro expone el “marco jurd̕ico” de la Mezquita Catedral de Cr̤doba, monumento Patrimonio de la Humanidad con Valor Universal Excepcional. En los l︢timos aǫs se han suscitado y alentado dudas sobre la propiedad eclesial de este monumento que tambiň han servido para cuestionar la legalidad de su actual sistema de gestin̤ y de sus usos por parte del Cabildo de la Catedral de Cr̤doba. Para afrontar cualquier debate serio y riguroso sobre estos temas jurd̕icos es necesario plantearlo y resolverlo desde su “marco jurd̕ico”. La UNESCO en su documento “Gestin̤ del Patrimonio Mundial Cultural: Manual de referencia”, publicado en 2014, ha seąlado que la gestin̤ de los monumentos considerados Patrimonio Mundial Cultural debe combinar tres elementos: ±un marco jurd̕ico que da razn̤ de su existencia, una institucin̤ que da forma a sus necesidades de organizacin̤ y de adopcin̤ de decisiones y recursos (humanos, financieros e intelectuales) que sirven para ponerlo en funcionamiento». Es decir, cualquier cuestin̤ sobre la propiedad, inmatriculacin̤, gestin̤ o usos de este singular y excepcional monumento, debe afrontarse desde su “marco jurd̕ico”. Este marco legal es el que determina que el Cabildo Catedral que, desde 1239 se ha ocupado de su gestin̤ y conservacin̤, sea la “institucin̤” legt̕ima para ocuparse de la gestin̤ de los “recursos”. Este monumento, como Catedral Catl̤ica se rige por el Derecho Cann̤ico, los Acuerdos Jurd̕icos entre el Estado Espaǫl y la Santa Sede, y el Derecho Internacional; y, siendo uno de los Monumentos ms̀ representativos de Espaą, hay que atenerse a lo establecido en la Constitucin̤ Espaǫla, legislacin̤ sobre propiedad y las Leyes de Patrimonio Histr̤ico Espaǫl y de Andaluca̕. Como Bien Patrimonio de la Humanidad, hay que tener en cuenta las directrices de la UNESCO. Esta, en 2014, ha reconocido que el actual sistema de gestin̤ del Cabildo ha permitido a esta “creacin̤ arts̕tica n︢ica” conservar su integridad y mantener “totalmente su autenticidad” en la “forma, disposicin̤, materiales, uso y funcin̤”. Y una abundante referencia bibliogrf̀ica y documental demuestra tambiň la legalidad de la titularidad eclesial del monumento y de la gestin̤ por parte del Cabildo, hecha en estrecha colaboracin̤ con la Administracin̤ Pb︢lica Estatal, Autonm̤ica y Local, as ̕como de su uso como Catedral para el fin primordial de culto catl̤ico, sin detrimento de su funcin̤ social a travš de su uso cultural.
|
| 506 |
1 |
|
|a Disponible solo en los productos indicados
|d vLex Global
|d vLex Global (Academic Edition, excluding Law Schools)
|d vLex Global (U.S. Academic Edition, Law Schools)
|d vLex Global (U.S. Academic Edition, excluding Law Schools)
|d vLex Global (Academic Edition, Law Schools)
|
| 650 |
0 |
4 |
|a Derecho Militar
|z Espaą
|
| 650 |
0 |
4 |
|a Filosofa̕ y religin̤
|z Espaą
|
| 740 |
0 |
|
|a vLex Libros (Servicio en ln̕ea)
|
| 856 |
4 |
0 |
|u https://app.vlex.com/#/sources/37093
|z Acceso restringido
|
| 942 |
|
|
|c BOOK
|
| 999 |
0 |
|
|a Military Law
|
| 999 |
0 |
|
|a Philosophy and religion
|